[Event "Titled Tuesday intern op 08th Feb Early"]
[Site "Chess.com INT"]
[Date "2022.02.08"]
[Round "2"]
[White "Ljukin, Sergei"]
[Black "De Abreu, Roberto N"]
[Result "0-1"]
[WhiteElo "2362"]
[BlackElo "2184"]
[PlyCount "72"]
[EventDate "2022.02.08"]
[EventType "swiss (blitz)"]
[EventRounds "11"]
[EventCountry "USA"]
[SourceTitle "CBM 206 Extra"]
[Source "ChessBase"]
[SourceDate "2022.03.31"]
[SourceVersion "1"]
[SourceVersionDate "2022.03.31"]
[SourceQuality "1"]

1. e4 e5 2. Nf3 Nc6 3. Bb5 a6 4. Ba4 Nf6 5. Qe2 Be7 6. c3 d6 7. 0-0 0-0 8. d4 exd4 9. cxd4 Bg4 10. Rd1 Re8 11. Nc3 b5 12. Bb3 h6 13. h3 Bh5 14. g4 Bg6 15. e5 Nd7 16. e6 fxe6 17. Bxe6+ Kh7 18. Bd5 Na5 19. Bxa8 Qxa8 20. d5 Bf6 21. Qf1 Nc4 22. g5 Bxc3 23. bxc3 Bh5 24. Rd3 Nde5 25. Nxe5 Nxe5 26. f4 Nxd3 27. Qxd3+ Bg6 28. f5 Bh5 29. Be3 Re5 30. g6+ Kh8 31. Bd4 Qxd5 32. Qf1 Re2 33. Re1 Qe4 34. Rxe2 Bxe2 35. Qf2 Kg8 36. Qh4 Qxh4 0-1

[Event "Titled Tuesday intern op 08th Feb Early"]
[Site "Chess.com INT"]
[Date "2022.02.08"]
[Round "1"]
[White "Salimova, Nurgyul"]
[Black "De Abreu, Roberto N"]
[Result "1-0"]
[WhiteElo "2400"]
[BlackElo "2184"]
[PlyCount "91"]
[EventDate "2022.02.08"]
[EventType "swiss (blitz)"]
[EventRounds "11"]
[EventCountry "USA"]
[SourceTitle "CBM 206 Extra"]
[Source "ChessBase"]
[SourceDate "2022.03.31"]
[SourceVersion "1"]
[SourceVersionDate "2022.03.31"]
[SourceQuality "1"]

1. d4 Nf6 2. Nf3 c5 3. d5 e6 4. Nc3 exd5 5. Nxd5 Nxd5 6. Qxd5 Nc6 7. c3 d6 8. e4 Be6 9. Qd1 Be7 10. Bd3 Bf6 11. 0-0 Qe7 12. Re1 0-0-0 13. Bb5 Ne5 14. Nxe5 Bxe5 15. f4 Bf6 16. Be3 h5 17. Rc1 g5 18. f5 Bd7 19. Bxd7+ Rxd7 20. b4 Be5 21. Qd5 g4 22. Rc2 Bxh2+ 23. Kf1 Be5 24. bxc5 h4 25. c6 Rc7 26. cxb7+ Rxb7 27. c4 h3 28. c5 hxg2+ 29. Rxg2 Rh1+ 30. Bg1 Kb8 31. c6 Rb6 32. Rc1 Kc7 33. Ke2 Rb2+ 34. Kf1 Rxg2 35. Kxg2 Rh7 36. Qa5+ Kc8 37. Qa6+ Kd8 38. c7+ Qxc7 39. Rxc7 Kxc7 40. Qxa7+ Kc6 41. Qa8+ Kd7 42. Qb7+ Kd8 43. a4 Rh3 44. Bb6+ Ke8 45. Qc8+ Ke7 46. Qd8# 1-0

[Event "Titled Tuesday intern op 30th Nov"]
[Site "Chess.com INT"]
[Date "2021.11.30"]
[Round "1"]
[White "De Abreu, Roberto N"]
[Black "Aldokhin, Ivan"]
[Result "0-1"]
[WhiteElo "2184"]
[BlackElo "2413"]
[PlyCount "52"]
[EventDate "2021.11.30"]
[EventType "swiss (blitz)"]
[EventRounds "11"]
[EventCountry "USA"]
[SourceTitle "CBM 205 Extra"]
[Source "ChessBase"]
[SourceDate "2022.01.31"]
[SourceVersion "1"]
[SourceVersionDate "2022.01.31"]
[SourceQuality "1"]

1. Nf3 Nf6 2. c4 c5 3. Nc3 b6 4. e4 d6 5. h3 Bb7 6. d3 e6 7. Be3 Be7 8. Qd2 Nbd7 9. g4 a6 10. Be2 d5 11. g5 d4 12. gxf6 Bxf6 13. Bf4 dxc3 14. bxc3 e5 15. Bh2 Qe7 16. Qb2 0-0 17. Nd2 Bh4 18. Bg4 f5 19. exf5 Bxh1 20. 0-0-0 Bc6 21. Nf1 b5 22. cxb5 axb5 23. Re1 Qf7 24. Ne3 Rxa2 25. Qb1 Bxf2 26. Nc2 Bxe1 0-1

[Event "Titled Tuesday intern op 02nd Nov"]
[Site "Chess.com INT"]
[Date "2021.11.02"]
[Round "5"]
[White "Balabayeva, Kseniya"]
[Black "De Abreu, Roberto N"]
[Result "1-0"]
[WhiteElo "2308"]
[BlackElo "2184"]
[PlyCount "83"]
[EventDate "2021.11.02"]
[EventType "swiss (blitz)"]
[EventRounds "11"]
[EventCountry "USA"]
[SourceTitle "CBM 205 Extra"]
[Source "ChessBase"]
[SourceDate "2022.01.31"]
[SourceVersion "1"]
[SourceVersionDate "2022.01.31"]
[SourceQuality "1"]

1. e4 c6 2. Nf3 d5 3. d3 dxe4 4. dxe4 Qxd1+ 5. Kxd1 f6 6. Be3 e5 7. Bc4 Nd7 8. a4 Bc5 9. Ke2 Nh6 10. Nc3 Nf7 11. Rhd1 Bxe3 12. Kxe3 Ke7 13. Bxf7 Kxf7 14. Rd6 Nc5 15. Rad1 a5 16. b3 Ke7 17. Ne1 Ne6 18. R6d2 h5 19. h4 g6 20. g3 Ra7 21. Nd3 b6 22. Nb2 Ba6 23. Na2 Nd4 24. Nc1 g5 25. hxg5 fxg5 26. c3 Ne6 27. Rd6 Rc7 28. R6d2 h4 29. Ncd3 Kf6 30. Rh1 h3 31. f3 Rch7 32. Rdh2 g4 33. Nf2 gxf3 34. Ng4+ Kg5 35. Nxe5 Nc5 36. b4 axb4 37. cxb4 Nb3 38. Nxf3+ Kg4 39. Nd1 Kxg3 40. Nf2 Bf1 41. Rxf1 Rd7 42. Rg1# 1-0

[Event "Titled Tuesday intern op 25th May"]
[Site "Chess.com INT"]
[Date "2021.05.25"]
[Round "5"]
[White "De Abreu, Roberto N"]
[Black "Roman, Rodrigo"]
[Result "1-0"]
[WhiteElo "2184"]
[BlackElo "2071"]
[PlyCount "65"]
[EventDate "2021.05.25"]
[EventType "swiss (blitz)"]
[EventRounds "11"]
[EventCountry "USA"]
[SourceTitle "CBM 203 Extra"]
[Source "ChessBase"]
[SourceDate "2021.09.30"]
[SourceVersion "1"]
[SourceVersionDate "2021.09.30"]
[SourceQuality "1"]

1. e4 a6 2. d4 b5 3. Bd3 Bb7 4. Nd2 Nf6 5. c3 e6 6. Ngf3 Be7 7. Qe2 d5 8. e5 Nfd7 9. h4 h6 10. Nf1 c5 11. Ng3 c4 12. Bb1 Nc6 13. Nh5 g6 14. Ng3 Qc7 15. a3 a5 16. h5 g5 17. 0-0 b4 18. axb4 axb4 19. Rxa8+ Bxa8 20. Nh2 Qa5 21. Bd2 Nb6 22. f4 Na4 23. fxg5 hxg5 24. Qf3 Nxb2 25. Qxf7+ Kd7 26. cxb4 Qb6 27. Kh1 Qxd4 28. Bxg5 Rf8 29. Qxf8 Bxf8 30. Rxf8 Nxe5 31. h6 Ng6 32. Bxg6 Nd3 33. h7 1-0

[Event "Titled Tuesday intern op 23rd Mar"]
[Site "Chess.com INT"]
[Date "2021.03.23"]
[Round "7"]
[White "Serrer, Christoph"]
[Black "De Abreu, Roberto N"]
[Result "0-1"]
[WhiteElo "2283"]
[BlackElo "2184"]
[PlyCount "44"]
[EventDate "2021.03.23"]
[EventType "swiss (blitz)"]
[EventRounds "11"]
[EventCountry "USA"]
[SourceTitle "CBM 201 Extra"]
[Source "ChessBase"]
[SourceDate "2021.05.31"]
[SourceVersion "1"]
[SourceVersionDate "2021.05.31"]
[SourceQuality "1"]

1. d4 c5 2. d5 g6 3. c4 Bg7 4. e4 e5 5. Nc3 d6 6. Bd3 Nf6 7. h3 0-0 8. g4 Ne8 9. Nge2 f5 10. gxf5 gxf5 11. exf5 Bxf5 12. Ne4 Qh4 13. N2g3 Bxe4 14. Bxe4 Rf4 15. Qe2 Nf6 16. Bxf4 Qxf4 17. Qe3 Nbd7 18. 0-0-0 Bh6 19. Kb1 Qxe3 20. fxe3 Bxe3 21. Bd3 Bd4 22. Rdf1 Rb8 0-1

[Event "Titled Tuesday intern op 27th Oct"]
[Site "Chess.com INT"]
[Date "2020.10.27"]
[Round "9"]
[White "De Abreu, Roberto N"]
[Black "Sanchez Alvares, Kelvin Antonio"]
[Result "1-0"]
[WhiteElo "2184"]
[BlackElo "2250"]
[PlyCount "96"]
[EventDate "2020.10.27"]
[EventType "swiss (blitz)"]
[EventRounds "11"]
[EventCountry "USA"]
[SourceTitle "CBM 199 Extra"]
[Source "ChessBase"]
[SourceDate "2021.01.31"]
[SourceVersion "1"]
[SourceVersionDate "2021.01.31"]
[SourceQuality "1"]

1. e4 e5 2. Nf3 Nc6 3. Bc4 Bc5 4. 0-0 Nf6 5. d4 Bxd4 6. Nxd4 Nxd4 7. f4 d6 8. fxe5 dxe5 9. Bg5 Be6 10. Na3 Qe7 11. c3 Bxc4 12. Bxf6 gxf6 13. Nxc4 Ne6 14. Ne3 Rd8 15. Nd5 Qc5+ 16. Kh1 Nf4 17. Nxf6+ Ke7 18. Nd5+ Nxd5 19. exd5 Qxd5 20. Qh5 f6 21. Rae1 Qe6 22. Qh6 Rdf8 23. Qg7+ Kd8 24. Rd1+ Kc8 25. Rd2 Qf7 26. Qg4+ f5 27. Qa4 Kb8 28. Rd7 Qe6 29. Rfd1 a6 30. R1d5 Rhg8 31. Qc4 Qc6 32. Qxc6 bxc6 33. Rxe5 Rd8 34. Rxd8+ Rxd8 35. h4 Rd2 36. Rxf5 Rxb2 37. Rh5 Rxa2 38. Rxh7 a5 39. Rh5 Kb7 40. Rg5 Kb6 41. h5 a4 42. h6 a3 43. h7 Ra1+ 44. Kh2 a2 45. h8Q Rb1 46. Qd4+ Kb7 47. Ra5 a1Q 48. Rxa1 Rxa1 1-0

[Event "Titled Tuesday intern op 27th Oct"]
[Site "Chess.com INT"]
[Date "2020.10.27"]
[Round "1"]
[White "Sengupta, Deep"]
[Black "De Abreu, Roberto N"]
[Result "1-0"]
[WhiteElo "2527"]
[BlackElo "2184"]
[PlyCount "69"]
[EventDate "2020.10.27"]
[EventType "swiss (blitz)"]
[EventRounds "11"]
[EventCountry "USA"]
[SourceTitle "CBM 199 Extra"]
[Source "ChessBase"]
[SourceDate "2021.01.31"]
[SourceVersion "1"]
[SourceVersionDate "2021.01.31"]
[SourceQuality "1"]

1. e4 e6 2. d4 d5 3. Nc3 Bb4 4. e5 Qd7 5. a3 Bxc3+ 6. bxc3 b6 7. Qg4 f5 8. Qg3 Ba6 9. Bxa6 Nxa6 10. Nh3 0-0-0 11. Nf4 Nb8 12. h4 Nc6 13. h5 Na5 14. a4 Nc4 15. a5 Nxa5 16. Nd3 c5 17. dxc5 Qc7 18. Be3 Nh6 19. 0-0 f4 20. Qxf4 Rdf8 21. Qb4 Nc6 22. cxb6 Nxb4 23. bxc7 Nxc2 24. Rxa7 Nxe3 25. Rb1 Kd7 26. fxe3 Rc8 27. Rb6 Rhe8 28. Nc5+ Ke7 29. Rxe6+ Kf7 30. Rxe8 Kxe8 31. e6 Nf5 32. Rb7 Nxe3 33. Rb8 d4 34. Rxc8+ Ke7 35. Re8+ 1-0

[Event "Titled Tuesday intern op 15th Sept"]
[Site "Chess.com INT"]
[Date "2020.09.15"]
[Round "6"]
[White "De Abreu, Roberto N"]
[Black "De Borba, Guilherme"]
[Result "0-1"]
[WhiteElo "2184"]
[BlackElo "2279"]
[PlyCount "44"]
[EventDate "2020.09.15"]
[EventType "swiss (blitz)"]
[EventRounds "10"]
[EventCountry "USA"]
[SourceTitle "CBM 198 Extra"]
[Source "ChessBase"]
[SourceDate "2020.11.30"]
[SourceVersion "1"]
[SourceVersionDate "2020.11.30"]
[SourceQuality "1"]

1. d4 Nf6 2. c4 e6 3. g3 d5 4. Bg2 Bb4+ 5. Bd2 Be7 6. Nf3 0-0 7. Bg5 c6 8. h4 Nbd7 9. Qc2 b6 10. Nbd2 Ba6 11. 0-0 Rc8 12. Rac1 b5 13. c5 b4 14. Rfe1 Bb5 15. e4 dxe4 16. Nxe4 Nxe4 17. Rxe4 Nf6 18. Re3 Nd5 19. Bxe7 Nxe3 20. fxe3 Qxe7 21. Ng5 g6 22. h5 Qxg5 0-1

[Event "Online Olym Div Top-B"]
[Site "Chess.com INT"]
[Date "2020.08.23"]
[Round "7.2"]
[White "De Abreu, Roberto N"]
[Black "Repkova, Eva"]
[Result "1-0"]
[WhiteElo "2181"]
[BlackElo "2300"]
[PlyCount "105"]
[EventDate "2020.08.21"]
[EventType "team-tourn (rapid)"]
[EventRounds "9"]
[EventCountry "USA"]
[SourceTitle "CBM 198"]
[Source "ChessBase"]
[SourceDate "2020.10.31"]
[SourceVersion "1"]
[SourceVersionDate "2020.10.31"]
[SourceQuality "1"]
[WhiteTeam "South Africa"]
[BlackTeam "Slovakia"]
[WhiteTeamCountry "RSA"]
[BlackTeamCountry "SVK"]

1. d4 e6 2. c4 d5 3. Nf3 Nf6 4. g3 Be7 5. Bg2 0-0 6. 0-0 dxc4 7. Qc2 a6 8. a4 Nc6 9. Qxc4 Qd5 10. Nbd2 Rd8 11. e3 Qh5 12. Nb3 e5 13. Nxe5 Be6 14. Qc2 Nxe5 15. dxe5 Ng4 16. h3 Nxe5 17. f4 Nd3 18. g4 Qh4 19. Nd4 Ne1 20. Qe2 Nxg2 21. Nxe6 fxe6 22. Kxg2 Rd5 23. Bd2 Rad8 24. Bc3 h5 25. Rad1 hxg4 26. hxg4 Qh7 27. Rxd5 Rxd5 28. e4 Rd8 29. Rh1 Qg6 30. Qf3 e5 31. Bxe5 Rd2+ 32. Kg3 Bc5 33. Qb3+ Kf8 34. Rh8+ Ke7 35. Rg8 Rg2+ 36. Kxg2 Qxg4+ 37. Qg3 Qe2+ 38. Kh3 Qf1+ 39. Kg4 Qd1+ 40. Qf3 Qg1+ 41. Kf5 Qh2 42. Rxg7+ Ke8 43. Qg4 Be7 44. Rxe7+ Kxe7 45. Bf6+ Kd6 46. e5+ Kc5 47. e6 Qh7+ 48. Ke5 Qd3 49. Qg1+ Kc6 50. Qd4 Qe2+ 51. Qe4+ Qxe4+ 52. Kxe4 Kd6 53. f5 1-0

[Event "Online Olym Div Top-B"]
[Site "Chess.com INT"]
[Date "2020.08.22"]
[Round "4.2"]
[White "De Abreu, Roberto N"]
[Black "Balog, Imre1111"]
[Result "0-1"]
[WhiteElo "2181"]
[BlackElo "2565"]
[PlyCount "78"]
[EventDate "2020.08.21"]
[EventType "team-tourn (rapid)"]
[EventRounds "9"]
[EventCountry "USA"]
[SourceTitle "CBM 198"]
[Source "ChessBase"]
[SourceDate "2020.10.31"]
[SourceVersion "1"]
[SourceVersionDate "2020.10.31"]
[SourceQuality "1"]
[WhiteTeam "South Africa"]
[BlackTeam "Hungary"]
[WhiteTeamCountry "RSA"]
[BlackTeamCountry "HUN"]

1. d4 d5 2. c4 c6 3. Nf3 Nf6 4. Nc3 a6 5. g3 dxc4 6. Bg2 g6 7. a4 Bg7 8. 0-0 0-0 9. Ne5 Be6 10. a5 Nbd7 11. Nxd7 Qxd7 12. Na4 Rad8 13. e3 Bh3 14. Nc5 Qc8 15. Bxh3 Qxh3 16. Qe2 e5 17. Nxb7 Rd5 18. e4 Rxd4 19. f3 Bh6 20. Nc5 Rfd8 21. Qg2 Qxg2+ 22. Kxg2 Bxc1 23. Raxc1 Rb8 24. Nxa6 Rxb2+ 25. Rf2 Rb5 26. Ra2 Ne8 27. h4 c5 28. Kh3 Rd6 29. Nxc5 Rxc5 30. a6 Rd8 31. a7 Ra8 32. Rb1 Rcc8 33. Rc1 Rc7 34. h5 Kg7 35. hxg6 hxg6 36. Ra5 Raxa7 37. Rxa7 Rxa7 38. Rxc4 Ra3 39. Kg4 Nf6+ 0-1

[Event "Titled Tuesday intern op 18th Aug"]
[Site "Chess.com INT"]
[Date "2020.08.18"]
[Round "7"]
[White "De Abreu, Roberto N"]
[Black "Abrashkin, Boris Vladimirovich"]
[Result "0-1"]
[WhiteElo "2184"]
[BlackElo "2407"]
[PlyCount "40"]
[EventDate "2020.08.18"]
[EventType "swiss (blitz)"]
[EventRounds "10"]
[EventCountry "USA"]
[SourceTitle "CBM 197 Extra"]
[Source "ChessBase"]
[SourceDate "2020.09.30"]
[SourceVersion "1"]
[SourceVersionDate "2020.09.30"]
[SourceQuality "1"]

1. e4 Nc6 2. d4 d6 3. Nf3 Nf6 4. Bd3 Bg4 5. c3 e5 6. h3 Bxf3 7. Qxf3 exd4 8. 0-0 Be7 9. Qg3 0-0 10. f4 Kh8 11. e5 Ne8 12. Bc2 f5 13. exf6 Nxf6 14. Qd3 d5 15. g4 Ne4 16. Nd2 dxc3 17. Nxe4 dxe4 18. Qxe4 Qd4+ 19. Qxd4 Nxd4 20. Be4 Ne2+ 0-1

[Event "Titled Tuesday intern op 18th Aug"]
[Site "Chess.com INT"]
[Date "2020.08.18"]
[Round "5"]
[White "De Abreu, Roberto N"]
[Black "Brunner, Nicolas"]
[Result "0-1"]
[WhiteElo "2184"]
[BlackElo "2428"]
[PlyCount "84"]
[EventDate "2020.08.18"]
[EventType "swiss (blitz)"]
[EventRounds "10"]
[EventCountry "USA"]
[SourceTitle "CBM 197 Extra"]
[Source "ChessBase"]
[SourceDate "2020.09.30"]
[SourceVersion "1"]
[SourceVersionDate "2020.09.30"]
[SourceQuality "1"]

1. d4 Nf6 2. c4 e6 3. g3 d5 4. Bg2 dxc4 5. Nf3 Nc6 6. Qa4 Bb4+ 7. Bd2 Nd5 8. 0-0 Nb6 9. Qc2 Be7 10. a4 a5 11. Na3 Bxa3 12. Rxa3 Nb4 13. Qe4 0-0 14. Ng5 f5 15. Qe5 Qd6 16. Rc1 Qxe5 17. dxe5 Rd8 18. Be3 N4d5 19. Bc5 h6 20. Nf3 Bd7 21. Nd4 Nxa4 22. Nxe6 Bxe6 23. Rxa4 b5 24. Raa1 c6 25. f4 Kf7 26. g4 Nxf4 27. Bxc6 Rac8 28. Bb6 Nxe2+ 29. Kf2 Nxc1 30. Rxc1 Rd2+ 31. Ke3 Rxb2 32. gxf5 Rxc6 33. fxe6+ Rxe6 34. Bxa5 Rxe5+ 35. Kd4 Rf5 36. Bc3 Rxh2 37. Ra1 h5 38. Ra7+ Kg6 39. Ke4 Rh4+ 40. Ke3 Rh3+ 41. Kd4 Rd3+ 42. Ke4 Rxc3 0-1

[Event "Titled Tuesday intern op 18th Aug"]
[Site "Chess.com INT"]
[Date "2020.08.18"]
[Round "3"]
[White "Hristodoulou, Panagiotis"]
[Black "De Abreu, Roberto N"]
[Result "0-1"]
[WhiteElo "2302"]
[BlackElo "2184"]
[PlyCount "78"]
[EventDate "2020.08.18"]
[EventType "swiss (blitz)"]
[EventRounds "10"]
[EventCountry "USA"]
[SourceTitle "CBM 197 Extra"]
[Source "ChessBase"]
[SourceDate "2020.09.30"]
[SourceVersion "1"]
[SourceVersionDate "2020.09.30"]
[SourceQuality "1"]

1. e4 e6 2. d4 d5 3. exd5 exd5 4. Nc3 Nf6 5. Bd3 Be7 6. Nge2 Nbd7 7. Bf4 Nf8 8. h3 Ne6 9. Bg3 Nh5 10. Bh2 Bg5 11. g3 g6 12. f4 Bf6 13. g4 Nhg7 14. Bg1 h5 15. g5 Be7 16. Qd2 c6 17. 0-0-0 Nc7 18. Ng3 h4 19. Nf1 Bf5 20. Ne3 Bxd3 21. Qxd3 Qd7 22. Ng4 Kd8 23. Re1 Nce6 24. Ne5 Qe8 25. Qf3 Nf5 26. Nxg6 Nxg5 27. fxg5 fxg6 28. Kb1 Qd7 29. Ne2 Bxg5 30. Qg4 Rh5 31. Bh2 a5 32. Nf4 Bxf4 33. Bxf4 Qf7 34. Bg5+ Kc7 35. Rhf1 Re8 36. Qf4+ Kb6 37. Re5 Rxe5 38. Qxe5 Rxg5 39. Rf3 Rg1+ 0-1

[Event "Titled Tuesday intern op 4th Aug 10am"]
[Site "Chess.com INT"]
[Date "2020.08.04"]
[Round "3"]
[White "De Abreu, Roberto N"]
[Black "Vlachos, Anatole"]
[Result "1/2-1/2"]
[WhiteElo "2184"]
[BlackElo "2429"]
[PlyCount "92"]
[EventDate "2020.08.04"]
[EventType "swiss (blitz)"]
[EventRounds "10"]
[EventCountry "USA"]
[SourceTitle "CBM 197 Extra"]
[Source "ChessBase"]
[SourceDate "2020.09.30"]
[SourceVersion "1"]
[SourceVersionDate "2020.09.30"]
[SourceQuality "1"]

1. d4 Nf6 2. c4 g6 3. g3 Bg7 4. Bg2 0-0 5. Nc3 d6 6. Nf3 Nc6 7. 0-0 e5 8. dxe5 dxe5 9. Qxd8 Rxd8 10. Bg5 Re8 11. Nd2 Be6 12. Nd5 Bxd5 13. cxd5 Nb4 14. Bxf6 Bxf6 15. Ne4 Bg7 16. Nc3 f5 17. Rac1 e4 18. Nb5 Nxd5 19. Nxc7 Nxc7 20. Rxc7 Bxb2 21. Rxb7 Reb8 22. Rxb8+ Rxb8 23. Rb1 a5 24. e3 a4 25. a3 Kf7 26. Bf1 Ke6 27. Be2 g5 28. Bd1 Rd8 29. Bxa4 Bxa3 30. Rb6+ Ke5 31. Rb5+ Kf6 32. Bb3 Bd6 33. Rd5 Be7 34. Rxd8 Bxd8 35. Bg8 h6 36. Bc4 Ke5 37. Kg2 f4 38. Ba6 Bc7 39. gxf4+ gxf4 40. exf4+ Kxf4 41. Bb7 Bb6 42. Ba8 Bxf2 43. Kxf2 Kg5 44. Bxe4 Kf6 45. Kf3 Kg7 46. Kg4 Kh8 1/2-1/2

[Event "Titled Tuesday intern op 4th Aug 10am"]
[Site "Chess.com INT"]
[Date "2020.08.04"]
[Round "2"]
[White "Vlassov, Nikolai"]
[Black "De Abreu, Roberto N"]
[Result "0-1"]
[WhiteElo "2352"]
[BlackElo "2184"]
[PlyCount "110"]
[EventDate "2020.08.04"]
[EventType "swiss (blitz)"]
[EventRounds "10"]
[EventCountry "USA"]
[SourceTitle "CBM 197 Extra"]
[Source "ChessBase"]
[SourceDate "2020.09.30"]
[SourceVersion "1"]
[SourceVersionDate "2020.09.30"]
[SourceQuality "1"]

1. e4 e6 2. d4 d5 3. exd5 exd5 4. Nf3 Bd6 5. c4 Nf6 6. c5 Be7 7. Bd3 b6 8. cxb6 axb6 9. 0-0 0-0 10. Re1 c5 11. Nc3 Nc6 12. Bf4 Bg4 13. Nb5 Bxf3 14. Qxf3 Nxd4 15. Nxd4 cxd4 16. a3 Nd7 17. b4 Nf6 18. Rad1 Rxa3 19. Bxh7+ Nxh7 20. Qxa3 Bf6 21. b5 Ng5 22. Bxg5 Bxg5 23. Rxd4 Bf6 24. Rd3 d4 25. g3 Qd7 26. Qb3 Rc8 27. Red1 Rc5 28. Rb1 Qh3 29. f3 Rh5 30. Qc2 Be7 31. Ra1 Bc5 32. Qg2 Qd7 33. f4 Rd5 34. Qe4 g6 35. Ra8+ Kg7 36. Kg2 Rd6 37. Qe8 Qxe8 38. Rxe8 Rd7 39. Kf3 Ra7 40. Ke4 Ra5 41. Rb3 Ra1 42. Kd5 Rd1 43. Rd8 Rd2 44. Kc6 Rxh2 45. Rd5 Rc2 46. Kb7 Rc3 47. Rxc3 dxc3 48. Rd1 Be3 49. Rd3 c2 50. Rc3 c1Q 51. Rxc1 Bxc1 52. Kxb6 Be3+ 53. Kc6 Kf6 54. b6 Kf5 55. b7 Ba7 0-1

[Event "Titled Tuesday intern op 14th July"]
[Site "Chess.com INT"]
[Date "2020.07.14"]
[Round "10"]
[White "De Abreu, Roberto N"]
[Black "Kadam, Om Manish"]
[Result "1-0"]
[WhiteElo "2184"]
[BlackElo "2114"]
[PlyCount "71"]
[EventDate "2020.07.14"]
[EventType "swiss (blitz)"]
[EventRounds "10"]
[EventCountry "USA"]
[SourceTitle "CBM 197 Extra"]
[Source "ChessBase"]
[SourceDate "2020.09.30"]
[SourceVersion "1"]
[SourceVersionDate "2020.09.30"]
[SourceQuality "1"]

1. e4 g6 2. c4 Bg7 3. Nc3 c6 4. Nf3 d6 5. g3 Nf6 6. Bg2 0-0 7. 0-0 e5 8. d3 h6 9. h3 Be6 10. Be3 Nbd7 11. Qd2 Kh7 12. b4 a5 13. a3 Qe7 14. Rfb1 Nh5 15. Ne1 axb4 16. axb4 f5 17. exf5 gxf5 18. Qe2 Qf7 19. Bf3 Ndf6 20. Ng2 Rae8 21. Ra7 Re7 22. b5 f4 23. bxc6 fxe3 24. Rbxb7 exf2+ 25. Qxf2 Rfe8 26. Be4+ Kh8 27. Bg6 Qxg6 28. Rxe7 Rxe7 29. Rxe7 Bxh3 30. c7 Qxd3 31. Nb5 Nxg3 32. Nxd6 Ne2+ 33. Kh2 Qxd6 34. Kxh3 Qxe7 35. c8Q+ Kh7 36. Qff5# 1-0

[Event "Leon blitz op 33rd"]
[Site "Chess.com INT"]
[Date "2020.07.14"]
[Round "1"]
[White "De Abreu, Roberto N"]
[Black "Nguyen, Thanh Thuy Tien"]
[Result "0-1"]
[WhiteElo "2184"]
[BlackElo "1971"]
[PlyCount "84"]
[EventDate "2020.07.14"]
[EventType "swiss (blitz)"]
[EventRounds "10"]
[EventCountry "ESP"]
[SourceTitle "CBM 197 Extra"]
[Source "ChessBase"]
[SourceDate "2020.09.30"]
[SourceVersion "1"]
[SourceVersionDate "2020.09.30"]
[SourceQuality "1"]

1. d4 Nf6 2. c4 e6 3. g3 Bb4+ 4. Bd2 Be7 5. Bg2 c5 6. Nf3 Nc6 7. Nc3 cxd4 8. Nb5 e5 9. e3 d3 10. Bc3 e4 11. Nfd4 a6 12. Nxc6 dxc6 13. Na3 Bg4 14. Qd2 b5 15. Bxf6 Bxf6 16. Bxe4 Rc8 17. cxb5 cxb5 18. Bxd3 Bxb2 19. Bxb5+ axb5 20. Qxb2 Qa5+ 21. Kf1 0-0 22. Kg2 b4 23. Nc2 Qd5+ 24. Kg1 Rxc2 25. Qxc2 Bf3 26. Re1 Be4 27. Qe2 Re8 28. Rf1 Bg2 29. h4 Bxf1 30. Qxf1 Rc8 31. Kh2 Qxa2 32. Qh3 Rc2 33. Rf1 Rxf2+ 34. Kg1 Rxf1+ 35. Kxf1 Qc4+ 36. Kf2 b3 37. Qd7 Qc2+ 38. Kf3 h6 39. Qe8+ Kh7 40. Qxf7 b2 41. e4 b1Q 42. Qg6+ Kxg6 0-1

[Event "Leon blitz op 33rd"]
[Site "Chess.com INT"]
[Date "2020.07.14"]
[Round "4"]
[White "De Abreu, Roberto N"]
[Black "Perrine, Dalton"]
[Result "0-1"]
[WhiteElo "2184"]
[BlackElo "2247"]
[PlyCount "64"]
[EventDate "2020.07.14"]
[EventType "swiss (blitz)"]
[EventRounds "10"]
[EventCountry "ESP"]
[SourceTitle "CBM 197 Extra"]
[Source "ChessBase"]
[SourceDate "2020.09.30"]
[SourceVersion "1"]
[SourceVersionDate "2020.09.30"]
[SourceQuality "1"]

1. e4 c5 2. Nf3 e6 3. d4 cxd4 4. Nxd4 Nf6 5. Bd3 Nc6 6. Nxc6 bxc6 7. 0-0 d5 8. e5 Nd7 9. Re1 g6 10. Qg4 Bg7 11. f4 Nc5 12. Be3 Nxd3 13. cxd3 Ba6 14. Bc5 Bxd3 15. Nd2 Rb8 16. b4 a5 17. Qf3 Ba6 18. a3 a4 19. g4 h5 20. h3 hxg4 21. hxg4 Qh4 22. Qg2 Qh3 23. Nf3 Kd7 24. Qxh3 Rxh3 25. Kg2 Rbh8 26. Rh1 Rxh1 27. Rxh1 Rxh1 28. Kxh1 f6 29. Bd6 Be2 30. Kg2 Bxf3+ 31. Kxf3 fxe5 32. fxe5 Bh6 0-1

[Event "Titled Tuesday intern op 14th July"]
[Site "Chess.com INT"]
[Date "2020.07.14"]
[Round "1"]
[White "Guzman, Christopher"]
[Black "De Abreu, Roberto N"]
[Result "0-1"]
[WhiteElo "2258"]
[BlackElo "2184"]
[PlyCount "72"]
[EventDate "2020.07.14"]
[EventType "swiss (blitz)"]
[EventRounds "10"]
[EventCountry "USA"]
[SourceTitle "CBM 197 Extra"]
[Source "ChessBase"]
[SourceDate "2020.09.30"]
[SourceVersion "1"]
[SourceVersionDate "2020.09.30"]
[SourceQuality "1"]

1. e4 e6 2. d4 d5 3. exd5 exd5 4. Nf3 Bd6 5. Bd3 Nc6 6. 0-0 Bg4 7. c3 Nge7 8. Re1 Qd7 9. a4 f6 10. Nbd2 0-0-0 11. a5 Rde8 12. b4 g5 13. b5 Nd8 14. Ba3 h5 15. b6 Kb8 16. bxc7+ Qxc7 17. Bxd6 Qxd6 18. Qb3 h4 19. c4 Bxf3 20. Nxf3 g4 21. Nd2 g3 22. fxg3 hxg3 23. c5 Qf4 24. Nf3 Rxh2 25. Rab1 Reh8 26. Kf1 Nf5 27. Bxf5 Qxf5 28. Rb2 Rh1+ 29. Ke2 Re8+ 30. Kd2 Rhxe1 31. Nxe1 Qf2+ 32. Kc3 Qxe1+ 33. Kc2 Re2+ 34. Kd3 Re3+ 35. Kc2 Rxb3 36. Rxb3 Qf2+ 0-1